• 首页
  • 本馆介绍
  • 公告通知
  • 最新文献
  • 馆藏检索
  • 电子资源
  • 读者导购
  • 参考咨询
  • 我的图书馆
  • 登录
  • 详细信息显示
  • 放入我的书架
  • 预约/预借图书
  • 作者相关作品
  • 分类相关作品
  • 丛书相关作品
  • 出版社相关作品

书目信息

  • 表格格式
  • 工作单格式
  • 卡片格式
题名:
包豪斯舞台
    
 
作者: 施莱默 著 ;周诗岩 译
分册:  
出版信息: 北京   金城出版社  2014.03
页数: 114页
开本: 24cm
丛书名: 蜜蜂文库
单 册:
中图分类: J0-53
科图分类:
主题词: 艺术理论--文集 , 艺术理论
电子资源:
ISBN: 978-7-5155-0906-8
000 01070oam2 2200337 450
001 0120141219822
005 20140612091051.71
010    @a978-7-5155-0906-8@dCNY39.80
100    @a20140124d2014 em y0chiy0110 ea
101 1  @achi@ceng
102    @aCN@b110000
105    @aak z 000yy
106    @ar
200 1  @a包豪斯舞台@9bao hao si wu tai@dThe theater of the bauhaus@f(德)奥斯卡·施莱默(Oskar Schlemmer)等著@g周诗岩译@zeng
210    @a北京@c金城出版社@d2014.03
215    @a114页@c图@d24cm
225 2  @a蜜蜂文库
225 2  @aBAU丛书@v01
308    @a丛书第四辑
330    @a本书主要内容包括:人与艺术形象;剧场,马戏团,杂耍;U型剧场;舞台;附:1961年英译本译。
333    @a一般读者
461  0 @12001 @a蜜蜂文库
461  0 @12001 @aBAU丛书@v01
510 1  @aTheater of the bauhaus@zeng
606 0  @a艺术理论@j文集
606 0  @a艺术理论
690    @aJ0-53@v5
701  0 @c(德)@a施莱默@9shi lai mo@c(Schlemmer, Oskar)@4著
702  0 @a周诗岩@9zhou shi yan@4译
801  0 @aCN@b人天书店@c20140124
905    @b549439-41@dJ0-53@e291@f3
    
    包豪斯舞台=The theater of the bauhaus/(德)奥斯卡·施莱默(Oskar Schlemmer)等著/周诗岩译.-北京:金城出版社,2014.03
    114页:图;24cm.-(蜜蜂文库).-(BAU丛书;01)
    使用对象:一般读者
    
    ISBN 978-7-5155-0906-8:CNY39.80
    本书主要内容包括:人与艺术形象;剧场,马戏团,杂耍;U型剧场;舞台;附:1961年英译本译。
●
相关链接 在E读中查询图书 在五车中查询图书 在当当中查询图书 在豆瓣中查询图书


正题名:包豪斯舞台     索取号:J0-53/291         预约/预借

序号 登录号 条形码 馆藏地/架位号 状态 备注
1 549439   205494393   第一样本阅览室/ [索取号:J0-53/291] 在馆    
2 549440   205494400   第一借阅区/ [索取号:J0-53/291] 在馆    
3 549441   205494419   第一借阅区/ [索取号:J0-53/291] 在馆    
唐山师范学院图书馆 欢迎您!
大连网信软件有限公司© 版权所有